zpět

Detail výsledku týmu

Lok-Ham, Hluboká nad Vltavou

Datum a čas kvízu

31.5 Celkem bodů Celkový počet nahraných bodů na tomto kvízu bez doplňovacích otázek.
3. Pořadí na kvízu Konečné umístění týmu na tomto kvízu.

Zaznamenané odpovědi

# Otázka Odpověď Body Výsledky
1. Kvízy obvykle začínáme aktuali... Tom Hanks 1
2. Mladou herečku Sadii Sink může... Velryba 1
3. Která sportovkyně se krátce mi... Eva Adamczyková (Samková) 1
4. Ke kterému českému snímku se v... Banger! 1
5. V prostředí kterého sportu se... D 1
6. Jedním z mnoha lety prověřenýc... 1B 2D 3C 4A 0
7. Kterou filmovou postavu pojmen... Forresta Gumpa 0
8. V minulé dekadě začal velký bo... Wakanda, vibranium 0
9. Uveďte příjmení profesora z fi... Hrbolek 1
10. Policisté William Somerset a D... Sedm 1